|
|
|
|
| LEADER |
00585cam a2200193 7i4500 |
| 001 |
0000006793 |
| 005 |
19991025090000.0 |
| 002 |
##000008509 |
| 020 |
0 |
0 |
|a T000006410
|
| 090 |
0 |
0 |
|a JAPN 340
|b ENT
|
| 245 |
0 |
0 |
|a Enterprise Hypothecation law :
|b 1996.
|
| 260 |
0 |
0 |
|a Tokyo:
|b Eibun-Horei-Sha,
|c 1996.
|
| 300 |
0 |
0 |
|a 17 p..
|
| 440 |
0 |
0 |
|a Ehs law bulletin series
|
| 500 |
0 |
0 |
|a Library has law no.106, Apr. 30, 1958
|
| 650 |
0 |
0 |
|a Japan --
|x Law and legislation
|
| 650 |
0 |
0 |
|a Japan --
|x Enterprise Hypothecation Law
|
| 651 |
0 |
0 |
|a Japan
|
| 999 |
|
|
|a 0000009867
|b Book
|c Open shelf
|e Business Information Centre
|